000 00257nam a22000977a 4500
008 160525b xxu||||| |||| 00| 0 eng d
082 _a822.33
_bSh15fb
100 _aBaldwin T. W.
245 _aOn the literary genetics if Shakspere's plays.
942 _2ddc
_cGEN
999 _c78305
_d78294